000 00728nam a22001815i 4500
001 156696
003 ES-MaACL
005 20250811100114.0
008 040805s1853 fr |||| | fre d
040 _aCAM
_bspa
_cCAM
100 1 _aLa Corbière, J. B. Beunaiche de.
_9128510
245 1 0 _aDe l'influence que doit exercer la phrénologie sur les progrès ultérieurs de la philosophie et de la morale /
_cpar La Corbière (Beunaiche de).
260 _aParis :
_bVictor Masson,
_c1853 (
_fTypographie Hennuyer)
300 _a150 p. :
_bil. ;
_c22 cm.
650 7 _aPsiquiatría
_2embne
_916586
852 _aES-MaACL
_jR-1368(5)
_z-- Enc. hol.
_z-- Enc. en un vol. facticio
_z.- Donat. Mateo Seoane
999 _c156696
_d156696